00609nam a2200205Ia 4500001000700000003000500007008004100012010001100053040000900064082001600073100002800089245007400117260008200191300002000273440000500293500003400298503000500332650003300337650003300370Z_3168CHAP220113s1989 xx 000 0 und d a166276 cCHAP a636.5089 M6 aMoreno Díaz, Reynaldo aEnfermedades parasitarias de las aves /cpor Reynaldo Moreno Díaz aMéxico, D. F. :bUNAM. Facultad de Medicina Veterinaria y Zootecnia,c1989 a211 P. ; ilus. a aLa biblioteca tiene : tomo II a aAves de corralxEnfermedades aAves de corralxParásitos